Normal view
MARC view
- تاليف النقراط، عبد الله محمد
Entry Personal Name
001 - CONTROL NUMBER
- control field: 36397
003 - CONTROL NUMBER IDENTIFIER
- control field: JO-AjAnu
005 - DATE AND TIME OF LATEST TRANSACTION
- control field: 20230606080058.0
008 - FIXED-LENGTH DATA ELEMENTS
- fixed length control field: 230606|| aca||aabn | a|a d
040 ## - CATALOGING SOURCE
- Original cataloging agency: JO-AjAnu
- Transcribing agency: JO-AjAnu
100 ## - HEADING--PERSONAL NAME
- Personal name: تاليف النقراط، عبد الله محمد
670 ## - SOURCE DATA FOUND
- Source citation: Work cat.: (JO-AjAnu)18687: تاليف النقراط، عبد الله محمد, author, الشامل في اللغة العربية لطلبة الجامعات والمعاهد العليا غير المتخصصين